000 01038cam a22003137a 4500
003 CHAP
005 20220329143748.0
008 110725s2006 us ab r 00010 eng d
010 _a101595
011 _a102567
020 _a0849336090
035 _a113256
040 _cCHAP
082 1 0 _a551.48
_bW31
245 0 3 _aWatershed models
_c/editado por Vijay P. Singh y Donald K. FrevertJohn
260 _aBoca Raton :
_bTaylor & Francis,
_c2006
300 _axxiv, 653 p.
_bilus., mapas
590 _aBATCH-UPD
_b10
_c20130110
_lUCH01
_h1435
590 _aBATCH-UPD
_b10
_c20130410
_lUCH01
_h0910
590 _aBATCH-UPD
_b10
_c20130914
_lUCH01
_h1113
590 _aCONVERSION
_b10
_c20130109
_lUCH01
_h1356
650 1 4 _aCuencas hidrológicas.
_930092
650 1 4 _aHidrología
_xModelos matemáticos.
_955267
700 0 _aSingh, Vijay P.
_e, ed.
_9106645
700 1 _aFrevert, Donald K
_e, ed.
_943257
901 _aBK
942 _cLIBRO
949 _a551.48 W31
_bBC
_cLIBRO
_d33724002246454
_eLIBRO
_gI.258554
_h115323
_i113256
_sb
_t$2.397.03
999 _c101595
_d101595